[Event "Ghent Eastman op 40th"]
[Site "Ghent"]
[Date "2017.07.15"]
[Round "1"]
[White "Michiels, Bart"]
[Black "Rogmans, Jelle"]
[Result "1-0"]
[WhiteElo "2536"]
[BlackElo "1887"]
[PlyCount "63"]
[EventDate "2017.07.15"]
[EventType "swiss"]
[EventRounds "9"]
[EventCountry "BEL"]
[SourceTitle "CBM 179 Extra"]
[Source "ChessBase"]
[SourceDate "2017.08.23"]
[SourceVersion "1"]
[SourceVersionDate "2017.08.23"]
[SourceQuality "1"]

1. d4 Nf6 2. c4 c5 3. d5 b5 4. Nf3 g6 5. cxb5 a6 6. e3 Bg7 7. Nc3 d6 8. a4 0-0 9. e4 Nbd7 10. Bf4 Ng4 11. Be2 Nge5 12. Nd2 Qc7 13. 0-0 Bb7 14. Bg5 Nf6 15. f4 Ned7 16. Nc4 axb5 17. Nxb5 Qd8 18. Qc2 Nb6 19. b3 Nxc4 20. bxc4 Ne8 21. Ra3 Nc7 22. f5 Na6 23. Qc1 f6 24. Bd2 g5 25. h4 h6 26. Kf2 Nb8 27. Rh1 Nd7 28. Rah3 Ne5 29. hxg5 fxg5 30. Bxg5 hxg5 31. Qxg5 Nf7 32. Qg6 1-0

[Event "Vlissingen HZ op 18th"]
[Site "Vlissingen"]
[Date "2014.08.04"]
[Round "4"]
[White "Erwich, Frank"]
[Black "Rogmans, Jelle"]
[Result "1-0"]
[WhiteElo "2328"]
[BlackElo "1899"]
[PlyCount "71"]
[EventDate "2014.08.02"]
[EventType "swiss"]
[EventRounds "9"]
[EventCountry "NED"]
[SourceTitle "CBM 161 Extra"]
[Source "ChessBase"]
[SourceDate "2014.08.29"]
[SourceVersion "1"]
[SourceVersionDate "2014.08.29"]
[SourceQuality "1"]

1. e4 g6 2. d4 Bg7 3. Nc3 c5 4. dxc5 Bxc3+ 5. bxc3 Qa5 6. Qd4 Nf6 7. Qb4 Nc6 8. Qxa5 Nxa5 9. Bd3 0-0 10. Ba3 Re8 11. Ne2 b6 12. 0-0 Nb7 13. cxb6 axb6 14. Bb4 Ng4 15. Bb5 Nc5 16. Rfd1 Rd8 17. a4 d6 18. h3 Ne5 19. f4 Ned7 20. e5 dxe5 21. Bxc5 bxc5 22. fxe5 Ba6 23. e6 fxe6 24. c4 Ra7 25. Ra3 Bxb5 26. cxb5 Re8 27. a5 Nb6 28. a6 Rf8 29. Re3 Rf6 30. Rd8+ Kf7 31. Nc3 Rf4 32. Ne4 Rf5 33. Rb8 Nc4 34. Rc3 Nd6 35. Nxd6+ exd6 36. Rb7+ 1-0

[Event "Vlissingen HZ op 18th"]
[Site "Vlissingen"]
[Date "2014.08.02"]
[Round "1"]
[White "Rogmans, Jelle"]
[Black "Semcesen, Daniel"]
[Result "0-1"]
[WhiteElo "1899"]
[BlackElo "2489"]
[PlyCount "60"]
[EventDate "2014.08.02"]
[EventType "swiss"]
[EventRounds "9"]
[EventCountry "NED"]
[SourceTitle "CBM 161 Extra"]
[Source "ChessBase"]
[SourceDate "2014.08.29"]
[SourceVersion "1"]
[SourceVersionDate "2014.08.29"]
[SourceQuality "1"]

1. c4 e5 2. g3 Nf6 3. Bg2 c6 4. b3 d5 5. Bb2 d4 6. d3 Bd6 7. Nd2 0-0 8. Ngf3 Re8 9. 0-0 h6 10. a3 a5 11. Ne1 Bg4 12. Ne4 Nxe4 13. dxe4 Nd7 14. Nd3 a4 15. b4 c5 16. h3 Be6 17. Rc1 Qe7 18. f4 f6 19. bxc5 Nxc5 20. Nxc5 Bxc5 21. Rf3 Rec8 22. fxe5 fxe5 23. Kh2 Bb6 24. e3 dxe3 25. Bxe5 Rxc4 26. Rxc4 Bxc4 27. Qd6 Qxd6 28. Bxd6 Rd8 29. Bb4 e2 30. e5 Bc5 0-1

[Event "Vlissingen HZ op 17th"]
[Site "Vlissingen"]
[Date "2013.08.03"]
[Round "1"]
[White "Rogmans, Jelle"]
[Black "Ikonnikov, Vyacheslav"]
[Result "0-1"]
[WhiteElo "1888"]
[BlackElo "2555"]
[PlyCount "66"]
[EventDate "2013.08.03"]
[EventType "swiss"]
[EventRounds "9"]
[EventCountry "NED"]
[SourceTitle "CBM 155 Extra"]
[Source "ChessBase"]
[SourceDate "2013.08.26"]
[SourceVersion "1"]
[SourceVersionDate "2013.08.26"]
[SourceQuality "1"]

1. Nc3 c5 2. Ne4 e6 3. f4 d5 4. Nf2 Nf6 5. Nf3 Nc6 6. e3 a6 7. g3 Bd6 8. Bg2 0-0 9. 0-0 b5 10. b3 Bb7 11. Bb2 Rc8 12. Nd3 Nd7 13. Qe2 Qe7 14. Nde5 f6 15. Nxd7 Qxd7 16. d3 Bb8 17. Nd2 Rfe8 18. e4 Nd4 19. Qd1 dxe4 20. Nxe4 f5 21. Nd2 Bxg2 22. Kxg2 e5 23. fxe5 Bxe5 24. c3 Nc6 25. Nf3 Rcd8 26. Nxe5 Nxe5 27. d4 cxd4 28. cxd4 Ng4 29. Bc1 Qd5+ 30. Kg1 Re4 31. Bf4 Rde8 32. Qf3 Qxd4+ 33. Kh1 Re2 0-1

[Event "BEL-ch op"]
[Site "Lommel"]
[Date "2012.07.08"]
[Round "9"]
[White "Rogmans, Jelle"]
[Black "Maeckelbergh, Anne Marie"]
[Result "1/2-1/2"]
[WhiteElo "1932"]
[BlackElo "1892"]
[PlyCount "95"]
[EventDate "2012.06.30"]
[EventType "swiss"]
[EventRounds "9"]
[EventCountry "BEL"]
[SourceTitle "EXT 2013"]
[Source "ChessBase"]
[SourceDate "2012.11.22"]
[SourceVersion "1"]
[SourceVersionDate "2012.11.22"]
[SourceQuality "1"]

1. d4 f5 2. Nc3 d5 3. Bg5 g6 4. h4 h6 5. Bf4 Nf6 6. Nf3 Be6 7. Ne5 Bf7 8. e3 Bg7 9. Bd3 c6 10. g4 e6 11. gxf5 gxf5 12. Rg1 Bh5 13. Be2 Bxe2 14. Qxe2 Rh7 15. 0-0-0 Qe7 16. Rg6 Nbd7 17. Nxd7 Qxd7 18. Be5 Qf7 19. Rdg1 0-0-0 20. f3 Ne8 21. Bh2 Nf6 22. Na4 Bf8 23. Be5 Ne8 24. c4 Bg7 25. Bxg7 Rxg7 26. Qg2 Rd7 27. Nc5 Re7 28. Rxg7 Qxg7 29. Qg6 Qf6 30. Qxf6 Nxf6 31. Rg6 b6 32. Rxf6 bxc5 33. cxd5 exd5 34. Rxc6+ Kb7 35. Rxc5 Rxe3 36. Rxd5 Rxf3 37. Rd6 h5 38. Rh6 Rf4 39. Rxh5 Rxd4 40. Rxf5 Rxh4 41. Kc2 Rh3 42. Rc5 Kb6 43. Rc3 Rh5 44. b4 a5 45. a3 axb4 46. axb4 Kb5 47. Kb3 Rh4 48. Rc5+ 1/2-1/2

[Event "BEL-ch op"]
[Site "Lommel"]
[Date "2012.07.07"]
[Round "8"]
[White "Hamblok, Roel"]
[Black "Rogmans, Jelle"]
[Result "1-0"]
[WhiteElo "2260"]
[BlackElo "1932"]
[PlyCount "77"]
[EventDate "2012.06.30"]
[EventType "swiss"]
[EventRounds "9"]
[EventCountry "BEL"]
[SourceTitle "EXT 2013"]
[Source "ChessBase"]
[SourceDate "2012.11.22"]
[SourceVersion "1"]
[SourceVersionDate "2012.11.22"]
[SourceQuality "1"]

1. d4 g6 2. e4 Bg7 3. Nf3 c5 4. d5 d6 5. Bb5+ Bd7 6. Be2 Nf6 7. Nfd2 b5 8. a4 Qa5 9. 0-0 b4 10. Nc4 Qc7 11. Nbd2 0-0 12. f4 Bc8 13. Bd3 Bb7 14. Qe1 Nbd7 15. Qh4 Nb6 16. a5 Nxc4 17. Bxc4 a6 18. f5 Nd7 19. Nf3 Ne5 20. Nxe5 Bxe5 21. Rf3 Bf6 22. Qf4 Be5 23. Qd2 Bg7 24. Rh3 f6 25. Qe2 g5 26. Qh5 h6 27. Qg6 Kh8 28. Rxh6+ Bxh6 29. Qxh6+ Kg8 30. Qg6+ Kh8 31. h4 Qd8 32. hxg5 fxg5 33. Qh6+ Kg8 34. Qxg5+ Kh7 35. Qg6+ Kh8 36. b3 e5 37. fxe6 Qf6 38. Qxf6+ Rxf6 39. Bb2 1-0

[Event "BEL-ch op"]
[Site "Lommel"]
[Date "2012.07.06"]
[Round "7"]
[White "Rogmans, Jelle"]
[Black "Demey, Robbe"]
[Result "1-0"]
[WhiteElo "1932"]
[BlackElo "1720"]
[PlyCount "49"]
[EventDate "2012.06.30"]
[EventType "swiss"]
[EventRounds "9"]
[EventCountry "BEL"]
[SourceTitle "EXT 2013"]
[Source "ChessBase"]
[SourceDate "2012.11.22"]
[SourceVersion "1"]
[SourceVersionDate "2012.11.22"]
[SourceQuality "1"]

1. d4 d5 2. Nc3 Nf6 3. Bg5 e6 4. e4 dxe4 5. Nxe4 Nbd7 6. Nf3 h6 7. Bxf6 Nxf6 8. Bd3 Be7 9. Qe2 0-0 10. Nxf6+ Bxf6 11. 0-0-0 Qd5 12. Kb1 c5 13. Be4 Qd6 14. c3 cxd4 15. Nxd4 Qb6 16. Bc2 Bd7 17. h4 e5 18. Nf5 Bc6 19. Rd6 Rfd8 20. Rxf6 gxf6 21. Qg4+ Kf8 22. Qg7+ Ke8 23. Qxf6 Qc5 24. Re1 Rd5 25. Bb3 1-0

[Event "BEL-ch op"]
[Site "Lommel"]
[Date "2012.07.02"]
[Round "3"]
[White "Rogmans, Jelle"]
[Black "De Block, Yordi"]
[Result "0-1"]
[WhiteElo "1932"]
[BlackElo "1742"]
[PlyCount "68"]
[EventDate "2012.06.30"]
[EventType "swiss"]
[EventRounds "9"]
[EventCountry "BEL"]
[SourceTitle "EXT 2013"]
[Source "ChessBase"]
[SourceDate "2012.11.22"]
[SourceVersion "1"]
[SourceVersionDate "2012.11.22"]
[SourceQuality "1"]

1. Nc3 d5 2. d4 Nf6 3. Bg5 Bf5 4. f3 Nbd7 5. Qd2 h6 6. Bh4 g5 7. Bg3 Nb6 8. e3 e6 9. Bd3 Bxd3 10. Qxd3 a6 11. 0-0-0 c5 12. e4 c4 13. Qe3 Bb4 14. Nge2 Qe7 15. exd5 Nbxd5 16. Nxd5 Nxd5 17. Qe5 f6 18. Qe4 c3 19. h4 Ba3 20. hxg5 Bxb2+ 21. Kb1 Ba3 22. Ka1 Qb4 23. Qxe6+ Kf8 24. Bd6+ Qxd6 25. Qxd6+ Bxd6 26. gxh6 Re8 27. Rh5 Ne3 28. Rd3 Nxc2+ 29. Kb1 Rxe2 30. Rxc3 Na3+ 31. Kc1 Re1+ 32. Kd2 Bb4 33. Kxe1 Bxc3+ 34. Ke2 Kf7 0-1

[Event "BEL-ch op"]
[Site "Lommel"]
[Date "2012.07.01"]
[Round "2"]
[White "Rooze, Jan"]
[Black "Rogmans, Jelle"]
[Result "1-0"]
[WhiteElo "2290"]
[BlackElo "1932"]
[PlyCount "61"]
[EventDate "2012.06.30"]
[EventType "swiss"]
[EventRounds "9"]
[EventCountry "BEL"]
[SourceTitle "EXT 2013"]
[Source "ChessBase"]
[SourceDate "2012.11.22"]
[SourceVersion "1"]
[SourceVersionDate "2012.11.22"]
[SourceQuality "1"]

1. e4 g6 2. d4 Bg7 3. Nc3 c5 4. dxc5 Bxc3+ 5. bxc3 Qa5 6. Qd4 Nf6 7. Qb4 Nc6 8. Qxa5 Nxa5 9. Bd3 b6 10. cxb6 axb6 11. Ne2 d6 12. Bh6 Nd7 13. 0-0 f6 14. Nd4 Nc5 15. f4 Ba6 16. Bxa6 Rxa6 17. e5 dxe5 18. fxe5 f5 19. Rf4 Nab7 20. g4 e6 21. Nb5 Kf7 22. Rd4 Rha8 23. a3 Ra5 24. c4 Ra4 25. Rad1 Na5 26. Rd7+ Nxd7 27. Rxd7+ Kg8 28. Rg7+ Kh8 29. Nd6 Rf8 30. Nf7+ Rxf7 31. Rxf7 1-0

[Event "Vlissingen HZ op 15th"]
[Site "Vlissingen"]
[Date "2011.08.02"]
[Round "5"]
[White "Rogmans, Jelle"]
[Black "Goormachtigh, Johan"]
[Result "0-1"]
[WhiteElo "1933"]
[BlackElo "2237"]
[PlyCount "90"]
[EventDate "2011.07.30"]
[EventType "swiss"]
[EventRounds "9"]
[EventCountry "NED"]
[SourceTitle "CBM 143 Extra"]
[Source "ChessBase"]
[SourceDate "2011.08.29"]
[SourceVersion "1"]
[SourceVersionDate "2011.08.29"]
[SourceQuality "1"]

1. Nc3 c5 2. Ne4 b6 3. f4 Bb7 4. Nf2 Nf6 5. e3 g6 6. b3 Bg7 7. Bb2 0-0 8. Nf3 d6 9. g3 Nbd7 10. Bg2 Qc7 11. 0-0 Ne4 12. Bxg7 Nxf2 13. Rxf2 Kxg7 14. Ng5 Bxg2 15. Kxg2 Qc6+ 16. Qf3 Qxf3+ 17. Nxf3 e5 18. Raf1 f6 19. Ng1 f5 20. Ne2 Nf6 21. Nc3 e4 22. Nb5 Ne8 23. c4 a6 24. Nc3 Nf6 25. Rc1 Rfd8 26. Rc2 Rab8 27. a4 d5 28. Nxd5 Nxd5 29. cxd5 Rxd5 30. Kf1 Rd3 31. Rb2 b5 32. Rc2 c4 33. axb5 cxb3 34. Rc7+ Kh6 35. Ke2 Rxb5 36. Rf1 a5 37. h3 Rbd5 38. Rd1 Rd7 39. Rc4 b2 40. Rc2 Rb7 41. Rb1 Rdb3 42. g4 a4 43. gxf5 a3 44. fxg6 hxg6 45. Rc6 R3b6 0-1

[Event "BEL-ch op"]
[Site "Westerlo"]
[Date "2010.07.09"]
[Round "7"]
[White "Rogmans, Jelle"]
[Black "Schuermans, Robert"]
[Result "0-1"]
[WhiteElo "1986"]
[BlackElo "2104"]
[PlyCount "38"]
[EventDate "2010.07.03"]
[EventType "swiss"]
[EventRounds "9"]
[EventCountry "BEL"]
[SourceTitle "CBM 137 Extra"]
[Source "ChessBase"]
[SourceDate "2010.09.01"]
[SourceVersion "1"]
[SourceVersionDate "2010.09.01"]
[SourceQuality "1"]

1. c4 Nc6 2. g3 d5 3. cxd5 Qxd5 4. Nf3 Nf6 5. Nc3 Qh5 6. d3 Bh3 7. Bxh3 Qxh3 8. Qb3 0-0-0 9. Ng5 Qg2 10. Rf1 Ng4 11. Nf3 Nd4 12. Nxd4 Nxh2 13. Ncb5 Rxd4 14. Nxd4 Qxf1+ 15. Kd2 e5 16. Qb5 Bd6 17. Nf5 Qxf2 18. Nxd6+ cxd6 19. Qd5 Nf1+ 0-1

[Event "BEL-ch op"]
[Site "Westerlo"]
[Date "2010.07.08"]
[Round "6"]
[White "Tuerlinckx, Ben"]
[Black "Rogmans, Jelle"]
[Result "1/2-1/2"]
[WhiteElo "1672"]
[BlackElo "1986"]
[PlyCount "57"]
[EventDate "2010.07.03"]
[EventType "swiss"]
[EventRounds "9"]
[EventCountry "BEL"]
[SourceTitle "CBM 137 Extra"]
[Source "ChessBase"]
[SourceDate "2010.09.01"]
[SourceVersion "1"]
[SourceVersionDate "2010.09.01"]
[SourceQuality "1"]

1. e4 d6 2. d4 Nf6 3. Nc3 Nbd7 4. f4 e5 5. dxe5 dxe5 6. fxe5 Nxe5 7. Qxd8+ Kxd8 8. Bf4 Bd6 9. 0-0-0 Ke7 10. Bg3 Bg4 11. Be2 Rhd8 12. Nf3 Bxf3 13. gxf3 Ng6 14. Bc4 Bf4+ 15. Kb1 c6 16. Bb3 Rd7 17. Rxd7+ Nxd7 18. Ne2 Be3 19. Rd1 Nge5 20. f4 Nf3 21. c3 Nd2+ 22. Kc2 Nxb3 23. axb3 Rd8 24. Nd4 Bxd4 25. Rxd4 Nc5 26. Rxd8 Kxd8 27. e5 Ne6 28. f5 Nc7 29. Kd3 1/2-1/2

[Event "Geraardsbergen op 25th"]
[Site "Geraardsbergen"]
[Date "2009.08.15"]
[Round "8"]
[White "Rogmans, Jelle"]
[Black "Bettman, Jan"]
[Result "1-0"]
[WhiteElo "1965"]
[BlackElo "1870"]
[PlyCount "57"]
[EventDate "2009.08.12"]
[EventType "swiss"]
[EventRounds "9"]
[EventCountry "BEL"]
[SourceTitle "CBM 132 Extra"]
[Source "ChessBase"]
[SourceDate "2009.11.03"]
[SourceVersion "1"]
[SourceVersionDate "2009.11.03"]
[SourceQuality "1"]

1. c4 Nc6 2. Nc3 Nf6 3. g3 d5 4. cxd5 Nxd5 5. Bg2 e6 6. Nf3 Bd7 7. 0-0 f5 8. d3 Be7 9. Bd2 Bf6 10. Nxd5 exd5 11. Qb3 Qe7 12. Qxd5 a5 13. Bc3 Ra6 14. Bxf6 Qxf6 15. d4 a4 16. Ne5 Bc8 17. Nxc6 bxc6 18. Qc5 Rb6 19. Rac1 Bd7 20. Rc2 h5 21. Re1 h4 22. e4 f4 23. e5 Qe6 24. d5 cxd5 25. Bxd5 Qg6 26. e6 Bb5 27. Qxc7 Rf8 28. Qc8+ Ke7 29. Rc7+ 1-0

[Event "Ghent VSF-chB"]
[Site "Ghent"]
[Date "2007.05.18"]
[Round "3"]
[White "Rogmans, Jelle"]
[Black "Larmuseau, Maarten"]
[Result "1/2-1/2"]
[WhiteElo "1883"]
[BlackElo "2020"]
[PlyCount "92"]
[EventDate "2007.05.17"]
[EventType "swiss"]
[EventRounds "7"]
[EventCountry "BEL"]
[SourceTitle "EXT 2009"]
[Source "ChessBase"]
[SourceDate "2008.11.26"]
[SourceVersion "1"]
[SourceVersionDate "2008.11.26"]
[SourceQuality "1"]

1. Nc3 Nf6 2. g4 d6 3. g5 Nh5 4. e3 g6 5. Be2 Ng7 6. d4 Ne6 7. d5 Ng7 8. e4 e5 9. Be3 Be7 10. Qd2 c6 11. 0-0-0 c5 12. h4 f5 13. gxf6 Bxf6 14. h5 Nxh5 15. Rxh5 gxh5 16. Bxh5+ Kd7 17. Bg4+ Ke7 18. Bxc8 Qxc8 19. Nge2 a6 20. Ng3 Kd7 21. Nf5 Kc7 22. Bxc5 dxc5 23. d6+ Kd7 24. Nd5 Qd8 25. Nxf6+ Qxf6 26. Rg1 Nc6 27. Rg7+ Kd8 28. Qd5 Rb8 29. Qxc5 h5 30. Qb6+ Ke8 31. d7+ Kf8 32. Qc5+ Ne7 33. b3 Qxg7 34. Nxg7 Kf7 35. Nf5 Nxf5 36. exf5 Kf6 37. Qd5 Kxf5 38. Qf7+ Kg5 39. Qg7+ Kf5 40. f3 Ke6 41. c4 Rbg8 42. d8Q Rxd8 43. Qxb7 h4 44. Qxa6+ Kf5 45. Qb7 h3 46. Qe4+ Kf6 1/2-1/2

[Event "Charleroi op 4th"]
[Site "Charleroi"]
[Date "2005.08.01"]
[Round "2"]
[White "Maarse, Willy"]
[Black "Rogmans, Jelle"]
[Result "0-1"]
[WhiteElo "1521"]
[BlackElo "1761"]
[PlyCount "96"]
[EventDate "2005.07.30"]
[EventType "swiss"]
[EventRounds "9"]
[EventCountry "BEL"]
[SourceTitle "EXT 2006"]
[Source "ChessBase"]
[SourceDate "2005.11.24"]
[SourceVersion "1"]
[SourceVersionDate "2005.11.24"]
[SourceQuality "1"]

1. e4 d5 2. exd5 Qxd5 3. Nc3 Qa5 4. d4 c6 5. Nf3 Nf6 6. Bd2 Bf5 7. Be2 e6 8. 0-0 Qc7 9. Nh4 Bg6 10. Nxg6 hxg6 11. g3 Bd6 12. Bf3 Nbd7 13. Ne4 Nxe4 14. Bxe4 0-0-0 15. f4 Nf6 16. Bf3 Qb6 17. Bc3 Bc5 18. Kg2 Bxd4 19. Qe2 Nd5 20. Bxd4 Qxd4 21. Bxd5 Qxd5+ 22. Qf3 Qxf3+ 23. Kxf3 Rxh2 24. Rfd1 Rxc2 25. b3 Rxd1 26. Rxd1 Rxa2 27. Ke4 Re2+ 28. Kf3 Rb2 29. Rd3 Kc7 30. g4 a5 31. Re3 b5 32. f5 gxf5 33. gxf5 a4 34. bxa4 bxa4 35. fxe6 fxe6 36. Rxe6 a3 37. Re7+ Kb6 38. Re8 Kc5 39. Ke3 a2 40. Ra8 Kc4 41. Ra6 c5 42. Ra4+ Kb3 43. Ra5 c4 44. Kd4 Rd2+ 45. Kc5 c3 46. Rb5+ Kc2 47. Ra5 Kb1 48. Rb5+ Rb2 0-1

[Event "BEL-ch opB"]
[Site "Westerlo"]
[Date "2004.07.??"]
[Round "5"]
[White "Hajenius, Willem"]
[Black "Rogmans, Jelle"]
[Result "1-0"]
[WhiteElo "2023"]
[BlackElo "1469"]
[PlyCount "51"]
[EventDate "2004.07.??"]
[EventType "swiss"]
[EventRounds "9"]
[EventCountry "BEL"]
[SourceTitle "EXT 2005"]
[Source "ChessBase"]
[SourceDate "2004.11.15"]
[SourceVersion "1"]
[SourceVersionDate "2004.11.15"]
[SourceQuality "1"]

1. d4 f5 2. Bg5 h6 3. Bh4 g5 4. e4 Nf6 5. e5 e6 6. exf6 Qxf6 7. Be2 Nc6 8. Bg3 f4 9. Bh5+ Kd8 10. Ne2 Bd6 11. Nbc3 fxg3 12. hxg3 Bb4 13. Qd3 b6 14. 0-0-0 Bxc3 15. Nxc3 a5 16. a3 Ba6 17. Qe3 Ne7 18. Rhe1 d6 19. Qxe6 Qxe6 20. Rxe6 Bc8 21. Rf6 Ng8 22. Rf8+ Ke7 23. Re8+ Kf6 24. Nd5+ Kg7 25. Nxc7 Rb8 26. Rde1 1-0

[Event "BEL-ch opB"]
[Site "Westerlo"]
[Date "2004.07.??"]
[Round "8"]
[White "Rogmans, Jelle"]
[Black "Claessens, Herman"]
[Result "1-0"]
[WhiteElo "1469"]
[BlackElo "1782"]
[PlyCount "77"]
[EventDate "2004.07.??"]
[EventType "swiss"]
[EventRounds "9"]
[EventCountry "BEL"]
[SourceTitle "EXT 2005"]
[Source "ChessBase"]
[SourceDate "2004.11.15"]
[SourceVersion "1"]
[SourceVersionDate "2004.11.15"]
[SourceQuality "1"]

1. d4 Nf6 2. Nf3 g6 3. Nc3 d5 4. Bf4 Nbd7 5. e3 c6 6. Bd3 Bg7 7. Ne5 0-0 8. h4 h5 9. Be2 Ne4 10. Nxe4 dxe4 11. Nxd7 Bxd7 12. g4 Qa5+ 13. c3 hxg4 14. Bxg4 Bxg4 15. Qxg4 Qh5 16. Qxh5 gxh5 17. Rg1 Kh7 18. Rg5 Bf6 19. Rxh5+ Kg6 20. Rh6+ Kg7 21. Ke2 Rg8 22. Rg1+ Kf8 23. Rxg8+ Kxg8 24. Rh5 Kg7 25. Ra5 Bxh4 26. Bg5 Bxg5 27. Rxg5+ Kf6 28. Re5 Rh8 29. Rxe4 Rh1 30. Kd2 e6 31. Rf4+ Ke7 32. e4 Rb1 33. Kc2 Rh1 34. e5 Rh2 35. a4 a6 36. a5 Rg2 37. Kb3 Rh2 38. Kc4 Rh1 39. Kc5 1-0

[Event "IECC CL5-2004.13 email"]
[Site "IECC email"]
[Date "2004.04.24"]
[Round "?"]
[White "Rogmans, Jelle"]
[Black "Hasidume, Shuji"]
[Result "0-1"]
[WhiteElo "1422"]
[BlackElo "1479"]
[PlyCount "22"]
[EventDate "2004.??.??"]
[EventType "tourn (corr)"]
[EventRounds "4"]
[SourceTitle "Corr 2008"]
[Source "ChessBase"]
[SourceDate "2008.06.24"]
[SourceVersion "1"]
[SourceVersionDate "2008.06.24"]
[SourceQuality "1"]

1. d4 Nf6 2. Nf3 g6 3. Nc3 d5 4. Bf4 Bg7 5. e3 0-0 6. Be2 c6 7. h4 Qb6 8. a3 Bf5 9. b4 a5 10. Na4 Qd8 11. Ne5 axb4 0-1